书目信息 |
| 题名: |
阿根廷简史
|
|
| 作者: | 田森 著 | |
| 分册: | ||
| 出版信息: | 北京 商务印书馆 1984 |
|
| 页数: | 74页 | |
| 开本: | 21cm | |
| 丛书名: | ||
| 单 册: | ||
| 中图分类: | K783.0 , K783 | |
| 科图分类: | ||
| 主题词: | 历史-阿根廷 , 美洲--历史 | |
| 电子资源: | ||
| ISBN: | ||
| 000 | 00657nam0 2200265 45 | |
| 001 | 0184012290 | |
| 005 | 20040510164101.0 | |
| 010 | @dCNY0.23 | |
| 100 | @a19950628d1984 em y0chiy0121 ea | |
| 101 | 0 | @achi |
| 102 | @aCN@b110000 | |
| 105 | @acf z 000yy | |
| 106 | @ar | |
| 200 | 10 | @a阿根廷简史@Aa gen ting jian shi@f田森著 |
| 210 | @a北京@c商务印书馆@d1984 | |
| 215 | @a74页@c图照@d21cm | |
| 606 | @a历史-阿根廷 | |
| 606 | 0 | @a美洲@x历史 |
| 607 | @a阿根廷-历史 | |
| 690 | @aK783.0@v3 | |
| 690 | @aK783 | |
| 701 | 0 | @a田森@Atian sen@4著 |
| 801 | 0 | @aCN@b上海图书馆@c20040510 |
| 801 | 2 | @aCN@bNLC@c20040510 |
| 905 | @f2@b129417-418@dK783@e1 | |
| 阿根廷简史/田森著.-北京:商务印书馆,1984 |
| 74页:图照;21cm |
| ISBN :CNY0.23 |
| ● |
| 相关链接 |
|
|
|
|
正题名:阿根廷简史
索取号:K783/1
 
预约/预借
| 序号 | 登录号 | 条形码 | 馆藏地/架位号 | 状态 | 备注 |
| 1 | 0129417 | 001413633 | 密集书库/ [索取号:K783/1] | 在馆 | |
| 2 | 0129418 | 001413660 | 密集书库/ [索取号:K783/1] | 在馆 | |
| 3 | 0129419 | 001413651 | 第二样本阅览室/ [索取号:K783/1] | 在馆 |